| Tag |
First Indicator |
Second Indicator |
Subfields |
| LEADER |
00000cam a2200000 a 4500 |
| 001 |
in00000012027 |
| 005 |
20151007051740.0 |
| 008 |
830822s1981 fr b 00010 fre |
| 010 |
|
|
|a 81199851
|
| 020 |
|
|
|a 2091905062 :
|c 98.00F
|
| 035 |
|
|
|a (OCoLC)08192139
|
| 035 |
|
|
|9 AAA4574AM
|
| 040 |
|
|
|a DLC
|c DLC
|d m/c
|d TXA
|d UtOrBLW
|
| 049 |
|
|
|a TXAM
|c [A11029747]
|
| 050 |
0 |
0 |
|a PC2271
|b .P5 1981
|
| 082 |
0 |
|
|a 448.2
|2 19
|
| 100 |
1 |
|
|a Pinchon, Jacqueline.
|
| 245 |
1 |
3 |
|a Le système verbal du français :
|b description et applications pédagogiques /
|c Jacqueline Pinchon et Bernard Couté.
|
| 264 |
|
1 |
|a [Paris] :
|b Nathan,
|c [1981]
|
| 264 |
|
4 |
|c ©1981
|
| 300 |
|
|
|a 255 pages ;
|c 21 cm.
|
| 336 |
|
|
|a text
|b txt
|2 rdacontent
|
| 337 |
|
|
|a unmediated
|b n
|2 rdamedia
|
| 338 |
|
|
|a volume
|b nc
|2 rdacarrier
|
| 490 |
1 |
|
|a Nathan université, information, formation,
|x 0335-329X. Linguistique française
|
| 504 |
|
|
|a Includes bibliographical references.
|
| 650 |
|
0 |
|a French language
|x Verb.
|
| 700 |
1 |
|
|a Couté, Bernard.
|
| 830 |
|
0 |
|a Nathan université, information, formation.
|
| 999 |
|
|
|a MARS
|
| 999 |
f |
f |
|s 0f946c56-d52d-351b-9b07-0afbd14b72dc
|i 17f3fd88-269b-3bce-b938-d3ccd48d1831
|t 0
|
| 952 |
f |
f |
|p ric
|a Texas A&M University
|b Rellis Campus
|c Joint Library Facility
|s JLF
|d Remote Storage
|t 0
|e PC2271 .P5 1981
|h Library of Congress classification
|i unmediated -- volume
|m A14811029747
|
| 998 |
f |
f |
|a PC2271 .P5 1981
|t 0
|l Remote Storage
|